000
00218 a2200097 4500
001
59905
100
_a
245
_a
Basics of Nuclear Physics
260
_a
New Delhi
_b
Anmol Publications
_c
2008
090
_c
36740
_d
36740
942
_a
NUST-CAE
_c
_c
29714
999
_c
294978
_d
294978